Lịch sử văn minh Ả Rập /
Sparad:
| Huvudupphovsman: | |
|---|---|
| Övriga upphovsmän: | |
| Materialtyp: | Sách giấy |
| Språk: | Vietnamese English |
| Publicerad: |
H. :
Hồng Đức,
2018.
|
| Ämnen: | |
| Taggar: |
Lägg till en tagg
Inga taggar, Lägg till första taggen!
|
| Thư viện lưu trữ: | Thư viện Trường Đại học Đà Lạt |
|---|
| LEADER | 01174nam a2200337 4500 | ||
|---|---|---|---|
| 001 | DLU190193182 | ||
| 005 | ##20191030 | ||
| 020 | # | # | |a 9786048946708 |
| 040 | # | # | |a DLU |b vie |
| 041 | # | # | |a vie |h eng |
| 044 | # | # | |a vn |
| 082 | # | # | |a 962 |b DU-W |
| 100 | # | # | |a Durant, Will. |
| 245 | # | # | |a Lịch sử văn minh Ả Rập / |c Will Durant; Nguyễn Hiến Lê dịch. |
| 260 | # | # | |a H. : |b Hồng Đức, |c 2018. |
| 300 | # | # | |a 475 tr. ; |c 21 cm. |
| 505 | # | # | |a Chương I. Mahomet 569-632 -- Chương II. Kinh Koran -- Chương III. Lưỡi gươm Hồi giáo: 632-1058 -- Chương IV. Xã hội Hồi giáo: 632-1058 -- Chương V. Tư tưởng và nghệ thuật Hồi giáo phương Đông: 632-1058 -- Chương VI. Hồi giáo phương Tây: 641-1086 -- Chương VII. Thịnh và suy của Hồi giáo: 1058-1258. |
| 651 | # | # | |a Ả Rập |x Lịch sự. |
| 651 | # | # | |a Ả Rập |x Văn minh. |
| 700 | # | # | |a Nguyễn Hiến Lê, |e dịch. |
| 923 | # | # | |a 07/2019 |
| 991 | # | # | |a SH |
| 992 | # | # | |a 177000 |
| 994 | # | # | |a DLU |
| 900 | # | # | |a True |
| 911 | # | # | |a Nguyễn Thanh Hương |
| 925 | # | # | |a G |
| 926 | # | # | |a A |
| 927 | # | # | |a SH |
| 980 | # | # | |a Thư viện Trường Đại học Đà Lạt |


